Statistiques concernant le jeu de la saucisse de troll

Cliquez ici pour prendre le quiz!

Statistiques générales

  • Ce quiz a été pris 13 fois
  • Le résultat moyen est 8 sur 10

Statistiques - réponses

Réponse% Correct
saucisse
100%
saucisse
100%
saucisse
100%
saucisse
100%
saucisse
100%
saucisse
75%
saucisse
75%
troll
75%
saucisse de Pikachu
50%
saucisses
50%

Distribution des résultats

Percentile par nombre de réponses

% des personnes avec chaque résultat

Votre développement - résultats

Vous n’avez pas pris ce quiz